| 000 | 00554nam a2200205Ia 4500 | ||
|---|---|---|---|
| 003 | GCL | ||
| 008 | 140319s9999 xx 000 0 ara d | ||
| 040 |
_aGCL / _cGCL |
||
| 082 | 0 | 4 |
_a658.3 _bا ا |
| 100 | 1 | _aاحمد ماهر | |
| 245 | 1 | 0 |
_aادارة الموارد البشرية / _cاحمد ماهر |
| 300 | _a395 | ||
| 490 |
_aكتاب _v0 |
||
| 650 | 0 | 4 | _aالقوى العاملة |
| 650 | 0 | 4 | _aتدريب |
| 650 | 0 | 4 | _aادارة الافراد |
| 650 | 0 | 4 | _aالاداريون |
| 650 | 0 | 4 | _aتحليل الوظائف |
| 942 |
_2ddc _cBK |
||
| 999 |
_c42869 _d42869 |
||